[Event "XVIII Orsha GM 2020"]
[Site "Orsha"]
[Date "2020.01.24"]
[Round "9.5"]
[White "Pang, Tao"]
[Black "Afanasiev, Nikita"]
[Result "1/2-1/2"]
[WhiteElo "2367"]
[BlackElo "2516"]
[Annotator "TA"]
[PlyCount "124"]
[EventDate "2020.01.18"]
[EventType "tourn"]
[EventCountry "BLR"]
[SourceTitle "playchess.com"]
[Source "ChessBase"]
[SourceQuality "1"]

{[%evp 9,124,66,64,57,90,68,69,60,62,54,52,55,60,72,86,58,39,46,107,85,124,75,131,4,8,-28,-19,-42,-20,-46,-42,-56,-58,-68,-65,-66,-58,-65,-19,-31,12,-46,22,0,13,-36,0,0,-2,-25,-6,-13,0,-86,-79,-66,-31,-36,-14,-8,-8,-9,-10,-32,0,0,0,-11,-13,-40,-14,-139,-147,-140,-147,-147,-146,-143,-122,-146,-106,-146,-86,-87,-86,-83,-80,-80,-80,-80,-86,-139,-125,-135,-116,-167,-75,-264,-264,-257,-180,-161,0,-196,0,0,0,0,0,0,0,0,0,0,0,0,0]} 1. d4 e6 2. e4 Ne7 3. Nf3 g6 4. h4 h6 5. Bf4 d6 $146 ({Predecessor:} 5... Bg7 6. Qd2 d5 7. Nc3 c6 8. O-O-O Nd7 9. Bd3 a6 10. Rhe1 b5 11. Kb1 {1-0 (40) Sveshnikov,E (2565)-Zorman,V (2335) Ljubljana 1996}) 6. Nc3 {C01: French: Exchange Variation} b6 7. d5 Bg7 8. dxe6 {White is slightly better.} fxe6 9. e5 {[%cal Re5d6]} d5 10. Qd2 Qd7 11. O-O-O Ba6 12. Bxa6 Nxa6 13. Qe2 Nb8 (13... Rf8 $14) 14. g3 Qc8 15. Nh2 Qa6 (15... Nd7 $142) 16. Qd2 (16. Nb5 $1 $16 {[%cal Rb5c7]} O-O 17. Qd3) 16... Nbc6 17. Ng4 O-O-O {Hoping for ...d4.} 18. Kb1 {[%cal Rg4h6]} ({Not} 18. Nxh6 $2 d4 $19) 18... Nf5 19. Rhe1 Ncd4 20. Qd3 Qxd3 21. Rxd3 c5 22. Ne2 Nc6 23. Ng1 c4 24. Rdd1 Bf8 25. Ne3 (25. Nh3 $11) 25... Ng7 (25... Bc5 $15) 26. Ng4 Nf5 27. Ne3 Ncd4 28. c3 Nxe3 29. Bxe3 Nf5 30. Nf3 Bc5 31. Nd4 (31. Bxc5 $11 bxc5 32. Nd2) 31... Bxd4 $17 32. Bxd4 Rhf8 33. f4 Nxg3 34. Rg1 Nf5 35. Rxg6 Kd7 36. Rdg1 Rf7 37. h5 Rh8 38. Bf2 Rhh7 39. R1g4 Ng7 40. Bh4 (40. Rh4 $1 $11 {remains equal.}) 40... Nxh5 41. Bf6 Nxf6 42. exf6 {[%mdl 4096] Endgame KRR-KRR} h5 43. Rh4 a5 44. Kc2 Rh8 45. Kd2 Rhf8 (45... b5 $142 46. a3 Kd6) 46. Rxh5 Rxf6 47. Rh7+ Kd6 48. Rxf6 Rxf6 {KR-KR} 49. Ke3 Rg6 50. Rb7 (50. a4 $142) 50... Kc6 $1 {[%cal Rc6b7]} 51. Re7 b5 {[%cal Bb6b5,Bb5b4][%mdl 32]} 52. Kd4 (52. Ra7 $17 {keeps fighting.}) 52... Rf6 (52... b4 $19 {has better winning chances.} 53. Re8 Rh6) 53. Ke3 $2 (53. f5 $17 {only move.} exf5 54. Ra7) 53... b4 $19 54. Re8 Rh6 55. Kd4 {[#]} Rf6 $2 (55... bxc3 $1 $19 {...c2 is the strong threat.} 56. bxc3 Kb5 57. Rb8+ Ka4) 56. Ke5 $2 {[#]} (56. Ke3 $1 $11) 56... Rf5+ $2 ({Black should try} 56... Kd7 $1 $19 57. Kxf6 Kxe8) 57. Kxe6 $11 {The position is equal.} Rxf4 58. Rc8+ Kb5 59. Kxd5 Rf2 60. Rb8+ Ka4 61. Kxc4 Rxb2 {Strongly threatening ...Rc2.} 62. cxb4 Rxb4+ {Accuracy: White = 46%, Black = 58%.} 1/2-1/2